• 首页
  • 本馆介绍
  • 公告通知
  • 最新文献
  • 馆藏检索
  • 电子资源
  • 读者导购
  • 参考咨询
  • 我的图书馆
  • 登录
  • 详细信息显示
  • 放入我的书架
  • 预约/预借图书
  • 作者相关作品
  • 分类相关作品
  • 丛书相关作品
  • 出版社相关作品

书目信息

  • 表格格式
  • 工作单格式
  • 卡片格式
题名:
马可·波罗
    
 
作者: 卓德兴 编著
分册:  
出版信息: 北京   中国社会出版社  2012
页数: 197页
开本: 24cm
丛书名:
单 册:
中图分类: K835.465.89=323 , K835.465
科图分类:
主题词:
电子资源:
ISBN: 978-7-5087-4150-5
000 00843nam0 2200253 450
001 2358076723
005 20231215194310.27
010    @a978-7-5087-4150-5@dCNY 49.80
100    @a20130117d2012 cemy0chiy0120 ea
101 0  @achi
102    @aCN@b110000
105    @aa z 000yb
200 1  @a马可·波罗@Ama ke · bo luo@e从旅行世家走出的大探险家@f卓德兴编著
210    @a北京@c中国社会出版社@d2012
215    @a197页@c图@d24cm
300    @a世界名人非常之路 青少年道德教育基金
517 1  @a从旅行世家走出的大探险家@Acong lv xing shi jia zou chu de da tan xian jia
600  0 @a马可·波罗@c(Marco Polo@f1254-1324)@x传记
600  0 @a马可·波罗@c(Marco Polo@f1254-1324)
690    @aK835.465.89=323@v5
690    @aK835.465@v4
701  0 @a卓德兴@Azhuo de xing@4编著
801  2 @aCN@b辽宁北配@c20231205
905    @aZUCC@dK835.465@e10
    
    马可·波罗:从旅行世家走出的大探险家/卓德兴编著.-北京:中国社会出版社,2012
    197页:图;24cm
    世界名人非常之路 青少年道德教育基金
    
    ISBN 978-7-5087-4150-5:CNY 49.80
    
●
相关链接 在五车中查询图书 在当当中查询图书 在豆瓣中查询图书


正题名:马可·波罗     索取号:K835.465/10         预约/预借

序号 登录号 条形码 馆藏地/架位号 状态 备注
1 2001206060   2001206060   320书库/ [索取号:K835.465/10] 在馆    
2 2001206061   2001206061   320书库/ [索取号:K835.465/10] 在馆    
3 2001206062   2001206062   320书库/ [索取号:K835.465/10] 在馆    
4 2001206063   2001206063   320书库/ [索取号:K835.465/10] 在馆    
5 2001206064   2001206064   320书库/ [索取号:K835.465/10] 在馆    
6 2001206065   2001206065   320书库/ [索取号:K835.465/10] 在馆    
7 2001206066   2001206066   320书库/ [索取号:K835.465/10] 在馆    
8 2001206067   2001206067   320书库/ [索取号:K835.465/10] 在馆    
9 2001206068   2001206068   320书库/ [索取号:K835.465/10] 在馆    
10 2001206069   2001206069   315书库/ [索取号:K835.465/10] 在馆    
11 2001206070   2001206070   320书库/ [索取号:K835.465/10] 在馆    
12 2001206071   2001206071   320书库/ [索取号:K835.465/10] 在馆    
13 2001206072   2001206072   320书库/ [索取号:K835.465/10] 在馆    
14 2001206073   2001206073   320书库/ [索取号:K835.465/10] 在馆    
15 2001206074   2001206074   315书库/ [索取号:K835.465/10] 在馆    
16 2001206075   2001206075   315书库/ [索取号:K835.465/10] 在馆    
17 2001206076   2001206076   315书库/ [索取号:K835.465/10] 在馆    
18 2001206077   2001206077   315书库/ [索取号:K835.465/10] 在馆    
19 2001206078   2001206078   315书库/ [索取号:K835.465/10] 在馆    
20 2001206079   2001206079   320书库/ [索取号:K835.465/10] 在馆    
21 2001206080   2001206080   320书库/ [索取号:K835.465/10] 在馆    
22 2001206081   2001206081   320书库/ [索取号:K835.465/10] 在馆    
23 2001206082   2001206082   320书库/ [索取号:K835.465/10] 在馆    
24 2001206083   2001206083   320书库/ [索取号:K835.465/10] 在馆    
25 2001206084   2001206084   320书库/ [索取号:K835.465/10] 在馆    
26 2001206085   2001206085   320书库/ [索取号:K835.465/10] 在馆    
27 2001206086   2001206086   320书库/ [索取号:K835.465/10] 在馆    
28 2001206087   2001206087   320书库/ [索取号:K835.465/10] 在馆    
29 2001206088   2001206088   320书库/ [索取号:K835.465/10] 在馆    
30 2001206089   2001206089   320书库/ [索取号:K835.465/10] 在馆    
山东省滨州职业学院图书馆 欢迎您!
大连网信软件有限公司© 版权所有